000 00425nam a22001457a 4500
082 _aT-177CEM
_bImran Khan
100 _aImran Khan
_99287
245 _aContractors attributes affecting construction projects in pakistan
_cImran Khan
260 _aRisalpur
_bImran Khan
_cc2014
300 _a47 p. :
526 _a0
_b0
_c0
_dT_177CEM_IMRAN_KHAN
650 _aMCE
_9379
700 _aDr. Sarfraz Ahmed
_929043
942 _2ddc
_cBK
999 _c551194
_d551194